Prévoir et savoir: etudes sur l'idée de la nécessité dans la pensée scientifique et en philosophie
Gardado en:
| Autor Principal: | |
|---|---|
| Formato: | Libro |
| Idioma: | francés |
| Publicado: |
Montreal
L'arbre
1944
|
| Subjects: | |
| Tags: |
Engadir etiqueta
Sen Etiquetas, Sexa o primeiro en etiquetar este rexistro!
|
MARC
| LEADER | 00000nam a2200000 a 4500 | ||
|---|---|---|---|
| 001 | UCH2415 | ||
| 003 | CL-VaPUC | ||
| 008 | 090611e19440000CN |||||||||||||||||fre|d | ||
| 082 | 0 | 4 | |a 501 |b SIM |2 21 |
| 100 | 0 | |a Simon, Yves |e author |9 537217 | |
| 245 | 1 | 0 | |a Prévoir et savoir: etudes sur l'idée de la nécessité dans la pensée scientifique et en philosophie |
| 300 | |a 204 p | ||
| 942 | |c BK | ||
| 945 | |d 20090611 00:00:00 |a dcastane | ||
| 260 | |a Montreal |b L'arbre |c 1944 | ||
| 650 | 0 | |a Pensamiento científico |9 356215 | |
| 650 | 0 | |a Filosofía de las ciencias |9 256466 | |
| 650 | 0 | |a Determinismo |9 322357 | |
| 650 | 0 | |a Epistemología |9 264994 | |
| 583 | |a last modification |c 20090611 00:00:00 |k Rodrigo Vera | ||
| 999 | |c 334155 |d 334153 | ||
| 952 | |0 0 |1 0 |4 0 |6 501_000000000000000_SIM_1944 |7 0 |8 X |9 422988 |a FDOBUD |b FDOBUD |d 2019-11-22 |i 4555961 |o 501 SIM 1944 |p 4555961 |r 2019-11-22 |w 2019-11-22 |y BK_X |k BUD | ||